| 000 | 01446nam a22004097a 4500 | ||
|---|---|---|---|
| 003 | OSt | ||
| 005 | 20230531155343.0 | ||
| 008 | 221006b |||||||| |||| 00| 0 eng d | ||
| 022 | _a978-2-940524-59-4 | ||
| 040 | _cBiblioteca Lado V | ||
| 082 |
_a709.05 _bV152t |
||
| 100 |
_9840 _aValencia, Natalia _eeditora |
||
| 245 |
_aTerremoto/ _bFayuquerxs/ |
||
| 260 |
_aMexico _bMuseo Jumex _c2017 |
||
| 300 |
_c22x34cm _a96p. |
||
| 366 | _eeng | ||
| 366 | _espa | ||
| 490 |
_a8 _v2017 |
||
| 505 | _aEl valor de la rabia | ||
| 505 | _aLa vanidad de ser producto | ||
| 505 | _aSobre la supervivencia de las imágenes | ||
| 505 | _aAprenda a babear | ||
| 505 | _aResistencia tangencial | ||
| 505 | _aUn acto de construcción | ||
| 505 | _aNueva burguesa inmigrante latina que aprendió a ir de compras y tiene buen gusto | ||
| 505 | _aLapusiroumaana. Del valor de soñar y conversar | ||
| 505 | _aLo quieto, lo turbio | ||
| 505 | _aZonas de silencio | ||
| 505 | _aSortilegios para escuchar | ||
| 505 | _aNuevas perspectivas políticas de la abstracción | ||
| 650 |
_2Tesauro de Arte & Arquitectura _aARTE _9703 |
||
| 650 |
_2Tesauro de Arte & Arquitectura _aEXPOSICIONES _9702 |
||
| 650 |
_2Tesauro de Arte & Arquitectura _aARTE CONTEMPORANEO _9702 |
||
| 650 |
_2Tesauro de Arte & Arquitectura _aARTE AMERICANO |
||
| 650 |
_2Tesauro de Arte & Arquitectura _aINGLES |
||
| 942 |
_2ddc _c1 _h709.05 _iV152t _n0 |
||
| 999 |
_c3784 _d3784 |
||